000 00658nam a2200169 a 4500
008 120416s1977 ||||||||||||||||| || u
050 _aHD 82 Zey
100 _aZeylstra, Willem Gustaaf
245 1 0 _aAid or Development
246 _athe relevance of development aid to problems of developing countries
260 _aLeyden
_bA. W Suthoff International Publishing
_c1977
300 _axviii, 269p. : ill.
350 _a0.00
650 0 _aECONOMICS
650 _aECONOMIC AID--DEVELOPING COUNTRIES
995 _D0.00
_FCBU-MAIN LIBRARY (Kitwe)
_H1
_I20.00
_M1
_UAVAILABLE
_ZAnnex Low-Usage Collection
999 _c34001
_d34001